Joueur de foot #1 - Statistiques

Statistiques générales
  • Ce quiz a été pris 1 863 fois
    292 depuis la dernière actualisation
  • Le résultat moyen est 14 sur 16
Statistiques - réponses
Par images Réponse % Correct
Messi
100%
Mbappé
98%
Vinicius
96%
Griezmann
95%
Courtois
94%
De Bruyne
94%
Ibrahimovic
93%
Pepe
93%
Gavi
92%
Marquinhos
91%
Kane
90%
Lewandowski
90%
Bellingham
89%
De Gea
84%
Gakpo
61%
Van dijk
61%
Aucun quiz correspondant
Distribution des résultats
% des personnes avec chaque résultat
Percentile par nombre de réponses
Votre historique - résultats
Vous n’avez pas pris ce quiz depuis la dernière actualisation